Gyászhir

Správa o smrti 41 ročného rímskokatolíckeho farára Jána (János) Miklósiho, ktorý dlho pôsobil v Humennom, neskôr v Košiciach. Pochovaný bol [13.05.1912] v obci Všechsvätých [dnes Valaliky].

Podrobná bibliografia
Médium: Článok
Jazyk:Hungarian
Témy:
Zdroj: 1. Homonna és Vidéke : Vegyes tartalmu közmüvelődési, szépirodalmi és közgazdasági hetilap 1. Roč. 12, č. 21 (19.05.1912) s. 2
LEADER 01222nab#a2200361#ar4500
001 000071549
003 SVKKK
005 20010412xxxxxxx.
008 06 c xo huno
FMT
038 |a SVKKK 
040 |a SVKKK  |b slo  |e AACR2 
041 0 |a hun 
044 |a xo  |c SK 
080 |a 282 
080 |a 393 
242 1 0 |a Smútočná správa 
245 0 0 |a Gyászhir 
500 |a mikrofilm 
520 2 |a Správa o smrti 41 ročného rímskokatolíckeho farára Jána (János) Miklósiho, ktorý dlho pôsobil v Humennom, neskôr v Košiciach. Pochovaný bol [13.05.1912] v obci Všechsvätých [dnes Valaliky]. 
650 0 4 |a úmrtie - Miklósi, Ján (farár rímskokatolícky, [1871]-1912 - Košice - máj 1912 - pohreb - Všechsvätých (KS) - [13.05.1912] - správy 
773 0 |t Homonna és Vidéke : Vegyes tartalmu közmüvelődési, szépirodalmi és közgazdasági hetilap  |g Roč. 12, č. 21 (19.05.1912) s. 2 
957 |a Humenné 
957 |a Kassamindszent pozri Všechsvätých 
957 |a Všechsvätých 
957 |a Všechsvätých pozri Valaliky 
958 |a CI 
958 |a DG 
958 |a SK 
974 |a Ba  |d 20010412 
992 |a RBX 
BAS
998 |a RETRO